000 00778nam a2200253Ia 4500
003 OSt
005 20220923212440.0
006 a|||||r|||| 00| 0
007 ta
008 220922b |||||||| |||| 00| 0 hin d
024 _a153,069
037 _cTextual
040 _aARTS
_cARTS
_bhin
041 _2hin
_ahin
082 _aO142,3M60,TS, 152L7
100 _aचैखव, एन्तोन
_9156291
245 0 _aतीन साल
246 _aTīn sāla
260 _aदिल्ली
_b राजकमल प्रकाशन
_c1977
300 _a128 पृ.
_ccm.
650 _aहिन्दी साहित्य
_9156264
942 _hO142,3M60,TS, 152L7
_cTEXL
_2CC
999 _c308717
_d308717